LEADER 03797 am 2200721 n 450 001 9910768386003321 005 20211027 010 $a979-1-0969-8226-4 024 7 $a10.4000/books.eurorbem.2642 035 $a(CKB)5590000001038862 035 $a(FrMaCLE)OB-eurorbem-2642 035 $a(PPN)27013655X 035 $a(EXLCZ)995590000001038862 100 $a20230419j|||||||| ||| 0 101 0 $afre 135 $auu||||||m|||| 200 10$aSienkiewicz dans le temps et dans l?espace /$fMaria Delaperrière 210 $aParis $cEur?Orbem Éditions$d2021 215 $a1 online resource (344 p.) 311 $a979-1-0969-8209-7 330 $aLe succès universel de Quo vadis ? a quelque peu figé l?image de son auteur, Henryk Sienkiewicz (1846-1916) et occulté la richesse et la diversité de son ?uvre. Les auteurs de Sienkiewicz, voyageur dans le temps et dans l?espace, armés des outils de la critique contemporaine, en nuancent et approfondissent la portée ; ils n?oublient pas l?aventure de l?homme Sienkiewicz qui, tout en étant de son temps et de son milieu, sut s?affranchir des contraintes. Avec beaucoup de liberté, ce nouvel homo viator infatigable, sillonna en effet Amérique, Europe, Afrique... Attentif au comportement de l?individu et à l?organisation de la société dans des pays « lointains », il observe, imagine, médite, raconte. Ses voyages d?un continent ou d?une époque à l?autre témoignent, dans la description des faits comme dans les emportements romanesques, d?une authentique empathie pour tout ce qui est humain. On découvre aussi que l?ironie, si présente dans les textes de Sienkiewicz, est plutôt une défense devant l?irrésistible et angoissant mouvement de l?Histoire. Le lecteur rencontrera ainsi le témoin d?une époque où le désenchantement du monde commence à se déployer et il pourra suivre les confrontations de Sienkiewicz avec ses contemporains, Zola notamment ; il sera également surpris par le parallèle esquissé entre l?écrivain polonais et le romancier Houellebecq? Voyages multiples dans le temps, l?espace, les civilisations. Le volume est accompagné de larges extraits des Lettres de voyage en Amérique traduits en français. 606 $aLiterature (General) 606 $acorrespondance 606 $ajournal intime 606 $aécriture diaristique 606 $acorrida 606 $aMickiewicz Adam 606 $acorrespondence 606 $aPoland 606 $aPolish literature 606 $atravel 615 4$aLiterature (General) 615 4$acorrespondance 615 4$ajournal intime 615 4$aécriture diaristique 615 4$acorrida 615 4$aMickiewicz Adam 615 4$acorrespondence 615 4$aPoland 615 4$aPolish literature 615 4$atravel 700 $aBi?os$b Piotr$01454167 701 $aBujnicki$b Tadeusz$01454168 701 $aDelaperrière$b Maria$01374327 701 $aFiszer$b Stanis?aw$01454169 701 $aFiut$b Aleksander$01454170 701 $aFurman-Bouvard$b Marie$01454171 701 $aGloger$b Maciej$01454172 701 $aKozio?ek$b Ryszard$01454173 701 $aMas?owski$b Michel$01454174 701 $aMokranowska$b Zdzis?awa$01454175 701 $aSiatkowska-Callebat$b Kinga$01454176 701 $aSienkiewicz$b Henryk$0440643 701 $aSztachelska$b Jolanta$01454177 701 $aTomaszewski$b Marek$01454178 701 $aVandenborre$b Katia$01454179 701 $aZahorski$b Witold$01454180 701 $aZiejka$b Franciszek$01454181 801 0$bFR-FrMaCLE 906 $aBOOK 912 $a9910768386003321 996 $aSienkiewicz dans le temps et dans l?espace$93656801 997 $aUNINA LEADER 01396nam a2200301 i 4500 001 991000665649707536 005 20020503194131.0 008 960612s1991 it ita 020 $a8845304728 035 $ab10111189-39ule_inst 035 $aLE02520072$9ExL 040 $aFac. Economia$bita 082 0 $a658.401 100 1 $aBrusa, Luigi$0108802 245 10$aPianificazione e controllo di gestione :$bcreazione del valore, cost accounting e reporting direzionale :$btendenze evolutive /$cLuigi Brusa, Luciana Zamprogna 260 $aMilano :$bEtas Libri,$c1991 300 $a244 p. ;$c24 cm 490 0 $aGestione d'impresa.$pContabilità e controllo di gestione 650 4$aAziende$xPianificazione 700 1 $aZamprogna, Luciana$eauthor$4http://id.loc.gov/vocabulary/relators/aut$0369581 907 $a.b10111189$b17-02-17$c27-06-02 912 $a991000665649707536 945 $aLE025 ECO 658.4 BRU01.06$g1$i2025000002210$lle025$o-$pE0.00$q-$rl$s- $t0$u21$v13$w21$x0$y.i1013007x$z27-06-02 945 $aLE025 ECO 658.4 BRU01.06$g2$i2025000249929$lle025$o-$pE0.00$q-$rl$s- $t0$u3$v5$w3$x0$y.i14775293$z13-06-08 945 $aLE025 ECO 658.4 BRU01.06$g3$i2025000249912$lle025$o-$pE0.00$q-$rl$s- $t0$u8$v1$w8$x0$y.i1477530x$z13-06-08 996 $aPianificazione e controllo di gestione$968111 997 $aUNISALENTO 998 $ale025$b01-01-96$cm$da $e-$fita$git $h0$i1 LEADER 01184nas 2200397- 450 001 9910726498803321 005 20230403213018.0 011 $a2373-4841 035 $a(DE-599)ZDB2817506-2 035 $a(OCoLC)881284506 035 $a(CKB)2550000001347633 035 $a(CONSER)--2014200212 035 $a(EXLCZ)992550000001347633 100 $a20140611a20149999 o-- a 101 0 $aeng 135 $aur||||||||||| 181 $ctxt$2rdacontent 182 $cc$2rdamedia 183 $acr$2rdacarrier 200 00$aDance education in practice 210 1$a[Philadelphia, PA] :$cTaylor & Francis,$d[2015-] 215 $a1 online resource 300 $aRefereed/Peer-reviewed 311 $a2373-4833 606 $aDance$xStudy and teaching$vPeriodicals 606 $aDance$xStudy and teaching$2fast$3(OCoLC)fst00887472 608 $aPeriodicals.$2fast 608 $aPeriodicals.$2lcgft 615 0$aDance$xStudy and teaching 615 7$aDance$xStudy and teaching. 676 $a792.8 712 02$aNational Dance Education Organization, 906 $aJOURNAL 912 $a9910726498803321 996 $aDance education in practice$93379548 997 $aUNINA